[Event "DEM U10 2021"]
[Site "Willingen GER"]
[Date "2021.08.25"]
[Round "5"]
[White "Deiringer, Julius"]
[Black "Senel, Serdar"]
[Result "1/2-1/2"]
[Termination "normal"]
[Board "16"]
[WhiteElo "1274"]
[BlackElo "1179"]
[WhiteClock "00:33:48"]
[BlackClock "00:48:38"]
[PlyCount "114"]
[WhiteFideId "16267010"]
[BlackFideId "34608796"]
[EventCountry "GER"]
[EventRounds "11"]
[EventType "swiss"]
[EventDate "2021.08.22"]

1. e4 {[%clk 01:15:58]} {[%emt 00:00:02]} e5 {[%clk 01:15:46]} {[%emt
00:00:14]} 2. Nf3 {[%clk 01:16:20]} {[%emt 00:00:08]} Nc6 {[%clk 01:16:02]}
{[%emt 00:00:14]} 3. Bb5 {[%clk 01:16:45]} {[%emt 00:00:06]} a6 {[%clk
01:15:50]} {[%emt 00:00:42]} 4. Ba4 {[%clk 01:17:08]} {[%emt 00:00:07]} d6
{[%clk 01:16:04]} {[%emt 00:00:15]} 5. h3 {[%clk 01:17:19]} {[%emt 00:00:18]}
Nf6 {[%clk 01:16:01]} {[%emt 00:00:34]} 6. d3 {[%clk 01:17:11]} {[%emt
00:00:38]} Be7 {[%clk 01:15:42]} {[%emt 00:00:49]} 7. c3 {[%clk 01:17:14]}
{[%emt 00:00:27]} O-O {[%clk 01:15:29]} {[%emt 00:00:43]} 8. O-O {[%clk
01:17:07]} {[%emt 00:00:37]} Be6 {[%clk 01:15:33]} {[%emt 00:00:25]} 9. Bg5
{[%clk 01:14:36]} {[%emt 00:03:01]} h6 {[%clk 01:13:45]} {[%emt 00:01:00]} 10.
Bh4 {[%clk 01:14:42]} {[%emt 00:01:43]} b5 {[%clk 01:13:34]} {[%emt 00:00:41]}
11. Bc2 {[%clk 01:12:58]} {[%emt 00:02:13]} Nh5 {[%clk 01:13:34]} {[%emt
00:00:30]} 12. Bxe7 {[%clk 01:11:48]} {[%emt 00:01:40]} Nxe7 {[%clk 01:13:34]}
{[%emt 00:00:30]} 13. d4 {[%clk 01:10:09]} {[%emt 00:02:09]} Ng6 {[%clk
01:11:46]} {[%emt 00:02:17]} 14. Nbd2 {[%clk 01:04:41]} {[%emt 00:05:59]} Qd7
{[%clk 01:11:11]} {[%emt 00:01:04]} 15. Nxe5 {[%clk 01:01:31]} {[%emt
00:03:41]} dxe5 {[%clk 01:10:32]} {[%emt 00:01:08]} 16. Qxh5 {[%clk 01:01:37]}
{[%emt 00:00:25]} exd4 {[%clk 01:10:25]} {[%emt 00:00:32]} 17. cxd4 {[%clk
01:01:09]} {[%emt 00:01:04]} Qxd4 {[%clk 01:09:56]} {[%emt 00:00:58]} 18. Nb3
{[%clk 00:59:08]} {[%emt 00:02:31]} Qxb2 {[%clk 01:08:02]} {[%emt 00:01:12]}
19. Qc5 {[%clk 00:58:56]} {[%emt 00:01:55]} Bc4 {[%clk 01:05:28]} {[%emt
00:03:02]} 20. Rfc1 {[%clk 00:58:23]} {[%emt 00:01:03]} Nf4 {[%clk 01:00:39]}
{[%emt 00:05:09]} 21. Bd1 {[%clk 00:56:44]} {[%emt 00:02:19]} Nd3 {[%clk
00:59:41]} {[%emt 00:01:29]} 22. Rc2 {[%clk 00:56:15]} {[%emt 00:00:59]} Qxa1
{[%emt 00:00:37]} 23. Qxf8+ {[%emt 00:00:12]} Kxf8 {[%clk 00:58:42]} {[%emt
00:00:39]} 24. Nxa1 {[%clk 00:56:34]} {[%emt 00:00:12]} Rd8 {[%clk 00:57:35]}
{[%emt 00:01:37]} 25. Bg4 {[%clk 00:55:25]} {[%emt 00:01:38]} Ne5 {[%clk
00:56:31]} {[%emt 00:01:31]} 26. Nb3 {[%clk 00:54:24]} {[%emt 00:01:35]} Nxg4
{[%clk 00:55:31]} {[%emt 00:01:28]} 27. hxg4 {[%clk 00:54:43]} {[%emt
00:00:12]} Bxb3 {[%emt 00:01:12]} 28. axb3 {[%emt 00:00:08]} Re8 {[%clk
00:53:49]} {[%emt 00:00:52]} 29. f3 {[%clk 00:54:51]} {[%emt 00:00:23]} Rc8
{[%clk 00:53:52]} {[%emt 00:00:27]} 30. Rc6 {[%clk 00:54:19]} {[%emt 00:01:01]}
a5 {[%clk 00:53:47]} {[%emt 00:00:36]} 31. Ra6 {[%clk 00:54:13]} {[%emt
00:00:36]} a4 {[%clk 00:53:59]} {[%emt 00:00:18]} 32. bxa4 {[%clk 00:53:44]}
{[%emt 00:01:00]} b4 {[%clk 00:53:50]} {[%emt 00:00:38]} 33. Rc6 {[%clk
00:53:47]} {[%emt 00:00:27]} Ke7 {[%clk 00:53:08]} {[%emt 00:01:12]} 34. Kf2
{[%clk 00:51:35]} {[%emt 00:02:42]} Kd7 {[%clk 00:53:02]} {[%emt 00:00:36]} 35.
Rc5 {[%clk 00:50:50]} {[%emt 00:01:15]} Kd6 {[%clk 00:52:19]} {[%emt 00:01:13]}
36. Rd5+ {[%clk 00:50:56]} {[%emt 00:00:23]} Kc6 {[%clk 00:52:41]} {[%emt
00:00:08]} 37. Rb5 {[%clk 00:51:17]} {[%emt 00:00:10]} Ra8 {[%clk 00:52:45]}
{[%emt 00:00:25]} 38. Rxb4 {[%clk 00:51:28]} {[%emt 00:00:20]} Kd6 {[%clk
00:52:22]} {[%emt 00:00:53]} 39. Ke3 {[%clk 00:50:26]} {[%emt 00:01:32]} c5
{[%clk 00:51:56]} {[%emt 00:00:57]} 40. Rc4 {[%clk 00:50:37]} {[%emt 00:00:19]}
Kc6 {[%clk 00:50:53]} {[%emt 00:01:33]} 41. Kd2 {[%clk 00:48:18]} {[%emt
00:02:49]} Rb8 {[%clk 00:50:51]} {[%emt 00:00:31]} 42. Kc2 {[%clk 00:48:29]}
{[%emt 00:00:19]} g6 {[%clk 00:50:35]} {[%emt 00:00:42]} 43. f4 {[%clk
00:45:33]} {[%emt 00:03:30]} h5 {[%clk 00:50:48]} {[%emt 00:00:16]} 44. g5
{[%clk 00:40:18]} {[%emt 00:05:45]} h4 {[%clk 00:50:52]} {[%emt 00:00:27]} 45.
f5 {[%clk 00:39:49]} {[%emt 00:00:58]} Rh8 {[%emt 00:01:13]} 46. Rc3 {[%emt
00:00:48]} Rh5 {[%clk 00:48:55]} {[%emt 00:00:27]} 47. fxg6 {[%clk 00:38:37]}
{[%emt 00:01:42]} fxg6 {[%clk 00:48:59]} {[%emt 00:00:25]} 48. Rf3 {[%clk
00:37:55]} {[%emt 00:01:13]} Rxg5 {[%clk 00:49:14]} {[%emt 00:00:14]} 49. Rf6+
{[%clk 00:37:24]} {[%emt 00:01:02]} Kb7 {[%clk 00:49:34]} {[%emt 00:00:10]} 50.
Rf2 {[%clk 00:36:58]} {[%emt 00:00:54]} Ka6 {[%clk 00:49:37]} {[%emt 00:00:28]}
51. Kb3 {[%clk 00:36:26]} {[%emt 00:01:03]} Rg4 {[%clk 00:49:14]} {[%emt
00:00:52]} 52. Re2 {[%clk 00:36:37]} {[%emt 00:00:20]} Rg3+ {[%emt 00:00:27]}
53. Kc4 {[%emt 00:00:31]} Kb6 {[%clk 00:48:21]} {[%emt 00:00:26]} 54. Rb2+
{[%clk 00:35:58]} {[%emt 00:01:08]} Kc6 {[%clk 00:48:34]} {[%emt 00:00:17]} 55.
a5 {[%clk 00:35:26]} {[%emt 00:01:02]} Re3 {[%clk 00:48:26]} {[%emt 00:00:36]}
56. Rb6+ {[%clk 00:35:32]} {[%emt 00:00:26]} Kc7 {[%clk 00:48:38]} {[%emt
00:00:19]} 57. Kd5 {[%clk 00:33:48]} {[%emt 00:02:13]} g5 {[%emt 00:07:25]}
1/2-1/2

[Event "DEM U10 2021"]
[Site "Willingen GER"]
[Date "2021.08.25"]
[Round "5"]
[White "Seth, Aakrit"]
[Black "Prashanthakumar, Arju"]
[Result "0-1"]
[Termination "normal"]
[Board "17"]
[WhiteElo "1330"]
[BlackElo "953"]
[WhiteClock "00:28:54"]
[BlackClock "00:54:29"]
[PlyCount "84"]
[WhiteFideId "34604812"]
[BlackFideId "34604065"]
[EventCountry "GER"]
[EventRounds "11"]
[EventType "swiss"]
[EventDate "2021.08.22"]

1. e4 {[%clk 01:15:56]} {[%emt 00:00:03]} e5 {[%clk 01:15:52]} {[%emt
00:00:09]} 2. Nf3 {[%clk 01:16:20]} {[%emt 00:00:05]} Nc6 {[%clk 01:16:12]}
{[%emt 00:00:10]} 3. d4 {[%clk 01:16:42]} {[%emt 00:00:08]} exd4 {[%clk
01:15:50]} {[%emt 00:00:52]} 4. Nxd4 {[%clk 01:17:03]} {[%emt 00:00:08]} Nf6
{[%clk 01:15:20]} {[%emt 00:01:01]} 5. Nc3 {[%clk 01:16:57]} {[%emt 00:00:36]}
Bc5 {[%clk 01:15:10]} {[%emt 00:00:41]} 6. Nxc6 {[%clk 01:16:20]} {[%emt
00:01:07]} dxc6 {[%clk 01:15:11]} {[%emt 00:00:28]} 7. Qxd8+ {[%clk 01:16:39]}
{[%emt 00:00:11]} Kxd8 {[%clk 01:15:30]} {[%emt 00:00:11]} 8. Bd3 {[%clk
01:16:37]} {[%emt 00:00:31]} Re8 {[%clk 01:15:11]} {[%emt 00:00:49]} 9. Bg5
{[%clk 01:14:06]} {[%emt 00:03:02]} h6 {[%clk 01:14:44]} {[%emt 00:00:58]} 10.
Bxf6+ {[%clk 01:11:24]} {[%emt 00:03:11]} gxf6 {[%clk 01:14:57]} {[%emt
00:00:17]} 11. f3 {[%clk 01:11:19]} {[%emt 00:00:34]} Rg8 {[%clk 01:14:15]}
{[%emt 00:01:09]} 12. O-O-O {[%clk 01:11:21]} {[%emt 00:00:31]} Ke7 {[%clk
01:13:25]} {[%emt 00:01:17]} 13. g3 {[%clk 01:10:37]} {[%emt 00:01:16]} Be6
{[%clk 01:12:13]} {[%emt 00:01:43]} 14. Kb1 {[%clk 01:09:39]} {[%emt 00:01:29]}
Rad8 {[%clk 01:10:49]} {[%emt 00:01:53]} 15. Ne2 {[%clk 01:08:41]} {[%emt
00:01:28]} a6 {[%clk 01:08:09]} {[%emt 00:03:11]} 16. Nf4 {[%clk 01:04:50]}
{[%emt 00:04:21]} Be3 {[%clk 01:04:51]} {[%emt 00:03:47]} 17. Nxe6 {[%clk
01:04:14]} {[%emt 00:01:07]} fxe6 {[%clk 01:04:58]} {[%emt 00:00:23]} 18. Bc4
{[%clk 01:04:08]} {[%emt 00:00:35]} Rxd1+ {[%clk 01:05:05]} {[%emt 00:00:24]}
19. Rxd1 {[%clk 01:02:47]} {[%emt 00:01:50]} b5 {[%clk 01:03:05]} {[%emt
00:02:31]} 20. Bb3 {[%clk 01:01:27]} {[%emt 00:01:58]} c5 {[%clk 01:01:45]}
{[%emt 00:01:40]} 21. a3 {[%clk 01:01:50]} {[%emt 00:00:09]} c4 {[%clk
01:02:03]} {[%emt 00:00:12]} 22. Ba2 {[%clk 01:01:51]} {[%emt 00:00:29]} Rd8
{[%clk 01:01:48]} {[%emt 00:00:44]} 23. Rxd8 {[%clk 01:01:59]} {[%emt
00:00:22]} Kxd8 {[%clk 01:02:06]} {[%emt 00:00:13]} 24. c3 {[%clk 01:02:27]}
{[%emt 00:00:01]} Bg1 {[%clk 01:02:20]} {[%emt 00:00:16]} 25. h3 {[%clk
01:02:22]} {[%emt 00:00:35]} Kd7 {[%clk 01:02:15]} {[%emt 00:00:36]} 26. b3
{[%clk 01:00:26]} {[%emt 00:02:25]} cxb3 {[%clk 01:02:18]} {[%emt 00:00:28]}
27. Bxb3 {[%clk 01:00:47]} {[%emt 00:00:08]} Kd6 {[%clk 01:02:19]} {[%emt
00:00:29]} 28. Kc2 {[%clk 00:58:26]} {[%emt 00:02:52]} c5 {[%clk 01:02:04]}
{[%emt 00:00:45]} 29. Kd2 {[%clk 00:53:30]} {[%emt 00:05:26]} c4 {[%clk
01:02:12]} {[%emt 00:00:22]} 30. Bc2 {[%clk 00:53:24]} {[%emt 00:00:37]} a5
{[%clk 00:59:08]} {[%emt 00:03:33]} 31. Ke2 {[%clk 00:52:53]} {[%emt 00:00:59]}
a4 {[%clk 00:59:01]} {[%emt 00:00:39]} 32. f4 {[%clk 00:49:52]} {[%emt
00:03:31]} Bc5 {[%clk 00:59:11]} {[%emt 00:00:18]} 33. g4 {[%clk 00:49:44]}
{[%emt 00:00:40]} Bxa3 {[%clk 00:58:59]} {[%emt 00:00:42]} 34. h4 {[%clk
00:49:46]} {[%emt 00:00:26]} e5 {[%clk 00:58:39]} {[%emt 00:00:51]} 35. Kf3
{[%clk 00:45:42]} {[%emt 00:04:33]} Ke6 {[%clk 00:57:04]} {[%emt 00:02:05]} 36.
g5 {[%clk 00:44:47]} {[%emt 00:01:25]} fxg5 {[%clk 00:56:21]} {[%emt 00:01:13]}
37. fxg5 {[%clk 00:42:26]} {[%emt 00:02:51]} hxg5 {[%clk 00:56:03]} {[%emt
00:00:49]} 38. h5 {[%clk 00:41:27]} {[%emt 00:01:29]} Bf8 {[%clk 00:56:07]}
{[%emt 00:00:25]} 39. Kg4 {[%clk 00:37:32]} {[%emt 00:04:25]} Kf6 {[%clk
00:55:34]} {[%emt 00:01:03]} 40. Bb1 {[%clk 00:36:47]} {[%emt 00:01:16]} a3
{[%clk 00:55:46]} {[%emt 00:00:18]} 41. Ba2 {[%clk 00:35:50]} {[%emt 00:01:26]}
Be7 {[%clk 00:55:02]} {[%emt 00:01:14]} 42. Kh3 {[%clk 00:28:54]} {[%emt
00:07:25]} Bb4 {[%clk 00:54:29]} {[%emt 00:01:03]} 0-1

[Event "DEM U10 2021"]
[Site "Willingen GER"]
[Date "2021.08.25"]
[Round "5"]
[White "Nonnenmacher, Philipp"]
[Black "Böhler, Yannic"]
[Result "0-1"]
[Termination "normal"]
[Board "18"]
[WhiteElo "1314"]
[BlackElo "1150"]
[WhiteClock "00:09:14"]
[BlackClock "00:54:08"]
[PlyCount "78"]
[WhiteFideId "34608869"]
[BlackFideId "34609059"]
[EventCountry "GER"]
[EventRounds "11"]
[EventType "swiss"]
[EventDate "2021.08.22"]

1. e4 {[%clk 01:15:56]} {[%emt 00:00:03]} c5 {[%clk 01:15:57]} {[%emt
00:00:04]} 2. Nf3 {[%clk 01:16:17]} {[%emt 00:00:08]} Nc6 {[%clk 01:16:22]}
{[%emt 00:00:06]} 3. Bc4 {[%clk 01:16:31]} {[%emt 00:00:15]} d6 {[%clk
01:16:46]} {[%emt 00:00:06]} 4. O-O {[%clk 01:16:33]} {[%emt 00:00:29]} Nf6
{[%clk 01:17:11]} {[%emt 00:00:05]} 5. d3 {[%clk 01:16:40]} {[%emt 00:00:23]}
e6 {[%clk 01:17:31]} {[%emt 00:00:10]} 6. Bg5 {[%clk 01:16:24]} {[%emt
00:00:45]} Be7 {[%clk 01:17:52]} {[%emt 00:00:09]} 7. Nc3 {[%clk 01:16:38]}
{[%emt 00:00:16]} h6 {[%clk 01:17:46]} {[%emt 00:00:37]} 8. Bh4 {[%clk
01:16:12]} {[%emt 00:00:56]} a6 {[%clk 01:17:55]} {[%emt 00:00:21]} 9. a4
{[%clk 01:16:32]} {[%emt 00:00:10]} O-O {[%clk 01:17:44]} {[%emt 00:00:41]} 10.
Qd2 {[%clk 01:15:54]} {[%emt 00:01:08]} b6 {[%clk 01:16:54]} {[%emt 00:01:20]}
11. d4 {[%clk 01:14:28]} {[%emt 00:01:55]} cxd4 {[%clk 01:15:46]} {[%emt
00:01:38]} 12. Nxd4 {[%clk 01:13:57]} {[%emt 00:01:00]} Qc7 {[%clk 01:15:20]}
{[%emt 00:00:57]} 13. Bxf6 {[%clk 01:10:17]} {[%emt 00:04:10]} Bxf6 {[%clk
01:14:42]} {[%emt 00:01:08]} 14. Nf3 {[%clk 01:08:52]} {[%emt 00:01:55]} Bb7
{[%clk 01:14:04]} {[%emt 00:01:07]} 15. Rad1 {[%clk 01:04:09]} {[%emt
00:05:14]} Rfd8 {[%clk 01:13:40]} {[%emt 00:00:53]} 16. Rfe1 {[%clk 01:00:05]}
{[%emt 00:04:34]} Ne5 {[%clk 01:12:53]} {[%emt 00:01:18]} 17. Nxe5 {[%clk
00:59:34]} {[%emt 00:01:01]} Bxe5 {[%clk 01:12:49]} {[%emt 00:00:35]} 18. Qd3
{[%clk 00:54:45]} {[%emt 00:05:19]} d5 {[%clk 01:07:57]} {[%emt 00:05:35]} 19.
exd5 {[%clk 00:53:48]} {[%emt 00:01:14]} Bxh2+ {[%clk 01:08:07]} {[%emt
00:00:19]} 20. Kf1 {[%clk 00:53:05]} {[%emt 00:01:13]} Be5 {[%clk 01:07:38]}
{[%emt 00:01:00]} 21. Qe4 {[%clk 00:31:44]} {[%emt 00:21:50]} Bxc3 {[%clk
01:05:01]} {[%emt 00:03:07]} 22. bxc3 {[%clk 00:30:22]} {[%emt 00:01:52]} Rac8
{[%clk 01:04:07]} {[%emt 00:01:23]} 23. Bb3 {[%clk 00:27:36]} {[%emt 00:03:17]}
Qxc3 {[%clk 01:03:18]} {[%emt 00:01:20]} 24. Rd3 {[%clk 00:26:15]} {[%emt
00:01:50]} Qc5 {[%clk 01:02:46]} {[%emt 00:01:03]} 25. c4 {[%clk 00:24:44]}
{[%emt 00:02:01]} a5 {[%clk 01:01:35]} {[%emt 00:01:41]} 26. Qe5 {[%clk
00:21:54]} {[%emt 00:03:19]} exd5 {[%clk 01:01:10]} {[%emt 00:00:55]} 27. cxd5
{[%clk 00:20:36]} {[%emt 00:01:49]} Ba6 {[%clk 01:01:17]} {[%emt 00:00:23]} 28.
Red1 {[%clk 00:18:51]} {[%emt 00:02:14]} Qa3 {[%clk 01:00:09]} {[%emt
00:01:38]} 29. Kg1 {[%clk 00:18:20]} {[%emt 00:01:01]} Bxd3 {[%clk 01:00:27]}
{[%emt 00:00:13]} 30. Rxd3 {[%clk 00:18:23]} {[%emt 00:00:12]} Re8 {[%clk
01:00:16]} {[%emt 00:00:56]} 31. Qf5 {[%clk 00:17:46]} {[%emt 00:01:07]} Qd6
{[%clk 00:56:57]} {[%emt 00:03:48]} 32. g3 {[%clk 00:17:00]} {[%emt 00:01:17]}
Rc1+ {[%clk 00:56:22]} {[%emt 00:01:05]} 33. Kg2 {[%clk 00:16:25]} {[%emt
00:01:05]} Ree1 {[%clk 00:54:11]} {[%emt 00:02:41]} 34. Re3 {[%clk 00:14:43]}
{[%emt 00:02:11]} g6 {[%clk 00:53:27]} {[%emt 00:01:14]} 35. Qd3 {[%clk
00:13:20]} {[%emt 00:02:03]} Rg1+ {[%clk 00:53:45]} {[%emt 00:00:03]} 36. Kf3
{[%clk 00:13:28]} {[%emt 00:00:21]} Qf6+ {[%clk 00:53:58]} {[%emt 00:00:17]}
37. Kg4 {[%clk 00:10:27]} {[%emt 00:03:31]} h5+ {[%clk 00:54:15]} {[%emt
00:00:14]} 38. Kh3 {[%clk 00:09:55]} {[%emt 00:01:02]} Rh1+ {[%clk 00:54:08]}
{[%emt 00:00:37]} 39. Kg2 {[%clk 00:09:14]} {[%emt 00:01:11]} Rcg1# {[%emt
00:00:06]} 0-1

[Event "DEM U10 2021"]
[Site "Willingen GER"]
[Date "2021.08.25"]
[Round "5"]
[White "Pflugbeil, Julian"]
[Black "He, Saiqi"]
[Result "1-0"]
[Termination "normal"]
[Board "19"]
[WhiteElo "1368"]
[BlackElo "1188"]
[WhiteClock "00:56:14"]
[BlackClock "00:29:44"]
[PlyCount "89"]
[WhiteFideId "34608850"]
[BlackFideId "16292723"]
[EventCountry "GER"]
[EventRounds "11"]
[EventType "swiss"]
[EventDate "2021.08.22"]

1. e4 {[%clk 01:15:58]} {[%emt 00:00:02]} e5 {[%clk 01:16:27]} {[%emt
00:00:03]} 2. Nf3 {[%clk 01:16:21]} {[%emt 00:00:07]} Nc6 {[%clk 01:16:53]}
{[%emt 00:00:04]} 3. d4 {[%clk 01:16:46]} {[%emt 00:00:05]} exd4 {[%clk
01:17:10]} {[%emt 00:00:13]} 4. Bc4 {[%clk 01:17:11]} {[%emt 00:00:05]} Bb4+
{[%clk 01:17:22]} {[%emt 00:00:18]} 5. c3 {[%clk 01:17:35]} {[%emt 00:00:06]}
dxc3 {[%clk 01:17:00]} {[%emt 00:00:53]} 6. O-O {[%clk 01:17:54]} {[%emt
00:00:10]} d6 {[%clk 01:17:18]} {[%emt 00:00:12]} 7. Nd4 {[%clk 01:16:43]}
{[%emt 00:01:41]} Nge7 {[%clk 01:16:14]} {[%emt 00:01:35]} 8. bxc3 {[%clk
01:16:09]} {[%emt 00:01:05]} Bc5 {[%clk 01:16:34]} {[%emt 00:00:09]} 9. Bg5
{[%clk 01:15:31]} {[%emt 00:01:02]} O-O 10. Qa4 {[%emt 00:02:50]} Qd7 {[%clk
01:14:42]} {[%emt 00:00:38]} 11. Bb5 {[%clk 01:15:29]} a6 {[%clk 01:14:24]}
{[%emt 00:01:19]} 12. Bxe7 {[%clk 01:15:33]} Qxe7 {[%clk 01:14:42]} {[%emt
00:00:38]} 13. Nxc6 {[%clk 01:15:41]} bxc6 {[%clk 01:14:48]} {[%emt 00:00:46]}
14. Bxc6 {[%clk 01:16:03]} Rb8 {[%clk 01:15:09]} {[%emt 00:00:17]} 15. Nd2
{[%emt 00:05:30]} Qf6 {[%clk 01:06:42]} {[%emt 00:04:35]} 16. Nf3 {[%emt
00:03:22]} Qxc3 {[%clk 01:05:03]} {[%emt 00:00:02]} 17. Rac1 {[%emt 00:00:56]}
Qf6 {[%clk 01:04:57]} {[%emt 00:00:30]} 18. e5 {[%emt 00:04:21]} Qh6 {[%emt
00:02:05]} 19. Rc4 {[%emt 00:11:15]} Qg6 {[%clk 00:48:30]} {[%emt 00:01:23]}
20. Rh4 {[%emt 00:06:30]} h6 {[%clk 00:43:08]} {[%emt 00:00:16]} 21. Be4 {[%clk
01:12:51]} {[%emt 00:00:54]} Qe6 {[%clk 00:43:14]} {[%emt 00:00:28]} 22. Re1
{[%clk 01:12:28]} {[%emt 00:00:45]} Rb2 {[%clk 00:42:37]} {[%emt 00:01:15]} 23.
Bc2 {[%clk 01:09:06]} {[%emt 00:03:44]} Bd7 {[%clk 00:41:23]} {[%emt 00:01:52]}
24. Qe4 {[%clk 01:09:15]} {[%emt 00:00:21]} Qg6 {[%emt 00:03:33]} 25. Qxg6
{[%clk 01:07:58]} {[%emt 00:00:17]} fxg6 {[%clk 00:38:42]} {[%emt 00:01:38]}
26. Bb3+ {[%clk 01:08:22]} {[%emt 00:00:06]} Kh8 {[%clk 00:38:42]} {[%emt
00:00:29]} 27. Rf1 {[%clk 01:08:36]} {[%emt 00:00:15]} dxe5 {[%clk 00:39:06]}
{[%emt 00:00:09]} 28. Nxe5 {[%clk 01:07:34]} {[%emt 00:01:31]} Rbxf2 {[%clk
00:39:16]} {[%emt 00:00:20]} 29. Rxf2 {[%clk 01:07:01]} {[%emt 00:01:03]} Rxf2
{[%clk 00:38:40]} {[%emt 00:01:06]} 30. Nxd7 {[%clk 01:05:53]} {[%emt
00:01:38]} Rf4+ {[%clk 00:38:53]} {[%emt 00:00:17]} 31. Nxc5 {[%clk 01:06:16]}
{[%emt 00:00:07]} Rxh4 {[%clk 00:39:17]} {[%emt 00:00:06]} 32. Nxa6 {[%clk
01:06:32]} {[%emt 00:00:14]} c6 {[%clk 00:39:35]} {[%emt 00:00:13]} 33. Nc5
{[%clk 01:05:58]} {[%emt 00:01:02]} g5 {[%emt 00:04:28]} 34. h3 {[%clk
01:03:18]} {[%emt 00:00:44]} Kh7 {[%clk 00:37:38]} {[%emt 00:00:55]} 35. Kh2
{[%clk 01:03:36]} {[%emt 00:00:13]} Rb4 {[%clk 00:36:21]} {[%emt 00:01:47]} 36.
Kg3 {[%clk 01:02:27]} {[%emt 00:01:39]} Kg6 {[%clk 00:36:23]} {[%emt 00:00:28]}
37. Nd3 {[%clk 00:59:58]} {[%emt 00:02:57]} Rb6 {[%clk 00:34:17]} {[%emt
00:02:39]} 38. Bc2 {[%clk 00:57:06]} {[%emt 00:03:22]} Kf6 {[%clk 00:33:20]}
{[%emt 00:01:26]} 39. a4 {[%clk 00:56:20]} {[%emt 00:01:17]} g6 {[%clk
00:33:14]} {[%emt 00:00:35]} 40. Nc5 {[%clk 00:56:34]} {[%emt 00:00:12]} Rb2
{[%clk 00:30:28]} {[%emt 00:03:20]} 41. Bb3 {[%clk 00:56:35]} {[%emt 00:00:29]}
Rb1 {[%clk 00:29:59]} {[%emt 00:01:00]} 42. a5 {[%clk 00:56:40]} {[%emt
00:00:25]} Ke5 {[%clk 00:29:26]} {[%emt 00:01:02]} 43. a6 {[%clk 00:56:50]}
{[%emt 00:00:20]} Kd4 {[%clk 00:29:25]} {[%emt 00:00:31]} 44. a7 {[%clk
00:56:02]} {[%emt 00:01:19]} Ra1 {[%clk 00:29:44]} {[%emt 00:00:10]} 45. Na4
{[%clk 00:56:14]} {[%emt 00:00:16]} 1-0

[Event "DEM U10 2021"]
[Site "Willingen GER"]
[Date "2021.08.25"]
[Round "5"]
[White "Gavrylyuk, Oleksandr"]
[Black "Dodul, Arthur"]
[Result "0-1"]
[Termination "normal"]
[Board "20"]
[WhiteElo "1151"]
[BlackElo "1285"]
[WhiteClock "00:59:55"]
[BlackClock "01:03:37"]
[PlyCount "48"]
[WhiteFideId "34609083"]
[BlackFideId "34609016"]
[EventCountry "GER"]
[EventRounds "11"]
[EventType "swiss"]
[EventDate "2021.08.22"]

1. d4 {[%clk 01:15:59]} {[%emt 00:00:01]} Nf6 {[%clk 01:15:49]} {[%emt
00:00:11]} 2. c4 {[%clk 01:16:15]} {[%emt 00:00:15]} e6 {[%clk 01:16:01]}
{[%emt 00:00:18]} 3. Nc3 {[%clk 01:16:29]} {[%emt 00:00:15]} Bb4 {[%clk
01:16:15]} {[%emt 00:00:16]} 4. Qc2 {[%clk 01:16:43]} {[%emt 00:00:16]} d5
{[%clk 01:16:11]} {[%emt 00:00:34]} 5. e3 {[%clk 01:16:48]} {[%emt 00:00:21]}
O-O {[%clk 01:15:50]} {[%emt 00:00:55]} 6. Nf3 {[%clk 01:16:58]} {[%emt
00:00:20]} Nbd7 {[%clk 01:15:12]} {[%emt 00:01:07]} 7. Bd2 {[%clk 01:16:59]}
{[%emt 00:00:29]} b6 {[%clk 01:14:22]} {[%emt 00:01:22]} 8. Ne5 {[%clk
01:15:42]} {[%emt 00:01:46]} Bxc3 {[%clk 01:13:43]} {[%emt 00:01:09]} 9. Bxc3
{[%clk 01:15:11]} {[%emt 00:01:00]} Nxe5 {[%clk 01:13:23]} {[%emt 00:00:49]}
10. dxe5 {[%clk 01:15:26]} {[%emt 00:00:16]} Ne4 {[%clk 01:13:10]} {[%emt
00:00:43]} 11. Rd1 {[%clk 01:15:13]} {[%emt 00:00:43]} Nxc3 {[%clk 01:11:43]}
{[%emt 00:01:57]} 12. Qxc3 {[%clk 01:14:53]} {[%emt 00:00:51]} c6 {[%emt
00:03:29]} 13. cxd5 {[%clk 01:13:35]} {[%emt 00:00:23]} cxd5 {[%clk 01:10:11]}
{[%emt 00:00:27]} 14. e4 {[%clk 01:13:55]} {[%emt 00:00:11]} Bb7 {[%clk
01:09:59]} {[%emt 00:00:41]} 15. exd5 {[%clk 01:14:06]} {[%emt 00:00:20]} exd5
{[%clk 01:09:01]} {[%emt 00:01:28]} 16. Be2 {[%clk 01:12:39]} {[%emt 00:01:57]}
Rc8 {[%clk 01:08:15]} {[%emt 00:01:15]} 17. Qg3 {[%clk 01:12:09]} {[%emt
00:00:56]} Rc2 {[%clk 01:07:29]} {[%emt 00:01:18]} 18. Qb3 {[%clk 01:11:26]}
{[%emt 00:01:15]} Qc7 {[%clk 01:05:42]} {[%emt 00:02:16]} 19. f4 {[%clk
01:08:35]} {[%emt 00:03:22]} Rc8 {[%clk 01:04:40]} {[%emt 00:01:30]} 20. Bg4
{[%clk 01:06:40]} {[%emt 00:02:26]} Qc5 {[%clk 01:04:01]} {[%emt 00:01:04]} 21.
Qg3 {[%clk 01:02:19]} {[%emt 00:04:56]} Qb4+ {[%clk 01:03:26]} {[%emt
00:01:20]} 22. Kf1 {[%clk 00:59:51]} {[%emt 00:02:44]} Ba6+ {[%clk 01:03:25]}
{[%emt 00:00:29]} 23. Kg1 {[%clk 00:59:55]} {[%emt 00:00:28]} Qc5+ {[%clk
01:03:37]} {[%emt 00:00:18]} 24. Qf2 {[%emt 00:00:20]} Qxf2# {[%emt 00:00:12]}
0-1